| 000 | 00885 a2200229 4500 | ||
|---|---|---|---|
| 020 | _a978-81-317-2169-8 | ||
| 020 | _a978-81-317-2169-8 | ||
| 082 | _a530 | ||
| 090 |
_c1715 _d1715 |
||
| 100 | 1 | _aFeynman, Richard P. | |
| 245 | 1 | 4 |
_aThe feynman lectures on physics, the definitive edition. _nVolume 2 / _cRichard P. Feynman, Robert B. Leighton, Matthew Sands. |
| 250 | _a2nd ed. | ||
| 260 |
_a[S.l.] : _bAddison Wesley, _c2005. |
||
| 300 |
_a512 p. ; _c29 cm. |
||
| 490 | 1 | _a2nd edition. | |
| 700 | _aLeighton, Robert B | ||
| 700 | _aSands, Matthew | ||
| 830 | _a2nd edition | ||
| 942 |
_aSNS _cBK _k530 FEY |
||
| 999 |
_c30323 _d30323 |
||